Liquefied natural gas (lng) vapor dispersion modeling with computational fluid dynamics codes /

Bibliographic Details
Main Author: Qi, Ruifeng
Other Authors: Mannan, Mahboobul Sam (Thesis advisor)
Format: Thesis eBook
Language:English
Published: [College Station, Tex.] : [Texas A&M University], [2012]
Subjects:
Online Access:Link to OAK Trust copy

MARC

Tag First Indicator Second Indicator Subfields
LEADER 00000cam a2200000Ka 4500
001 in00002784767
005 20150922151030.0
006 m fo d
007 cr unu||||||||
008 121127s2012 txu obm 000 0 eng d
035 |a (OCoLC)ocn819418916 
035 |a (TxCM)http://hdl.handle.net/1969.1/ETD-TAMU-2011-08-10113 
040 |a TXA  |c TXA  |d UtOrBLW 
049 |a TXAM 
099 |a 2011  |a Dissertation  |a 1969.1/ETD-TAMU-2011-08-10113 
100 1 |a Qi, Ruifeng. 
245 1 0 |a Liquefied natural gas (lng) vapor dispersion modeling with computational fluid dynamics codes /  |c by Ruifeng Qi. 
264 1 |a [College Station, Tex.] :  |b [Texas A&M University],  |c [2012] 
300 |a 1 online resource. 
336 |a text  |b txt  |2 rdacontent 
337 |a computer  |b c  |2 rdamedia 
338 |a online resource  |b cr  |2 rdacarrier 
500 |a "Major Subject: Chemical Engineering" 
588 |a Description from author supplied metadata (automated record created 2012-10-22 13:24:58). 
502 |b Doctor of Philosophy  |c Texas A&M University  |d 2011  |o http://hdl.handle.net/1969.1/ETD-TAMU-2011-08-10113 
504 |a Includes bibliographical references. 
516 |a Text (Dissertation) 
520 3 |a Federal regulation 49 CFR 193 and standard NFPA 59A require the use of validated consequence models to determine the vapor cloud dispersion exclusion zones for accidental liquefied natural gas (LNG) releases. For modeling purposes, the physical process of dispersion of LNG release can be simply divided into two stages: source term and atmospheric dispersion. The former stage occurs immediately following the release where the behavior of fluids (LNG and its vapor) is mainly controlled by release conditions. After this initial stage, the atmosphere would increasingly dominate the vapor dispersion behavior until it completely dissipates. In this work, these two stages are modeled separately by a source term model and a dispersion model due to the different parameters used to describe the physical process at each stage. The principal focus of the source term study was on LNG underwater release, since there has been far less research conducted in developing and testing models for the source of LNG release underwater compared to that for LNG release onto land or water. An underwater LNG release test was carried out to understand the phenomena that occur when LNG is released underwater and to determine the characteristics of pool formation and the vapor cloud generated by the vaporization of LNG underwater. A mathematical model was used and validated against test data to calculate the temperature of the vapor emanating from the water surface. This work used the ANSYS CFX, a general-purpose computational fluid dynamics (CFD) package, to model LNG vapor dispersion in the atmosphere. The main advantages of CFD codes are that they have the capability of defining flow physics and allowing for the representation of complex geometry and its effects on vapor dispersion. Discussed are important parameters that are essential inputs to the ANSYS CFX simulations, including the mesh size and shape, atmospheric conditions, turbulence from the source term, ground surface roughness height, and effects of obstacles. A sensitivity analysis was conducted to illustrate the impact of key parameters on the accuracy of simulation results. In addition, a series of medium-scale LNG spill tests have been performed at the Brayton Fire Training Field (BFTF), College Station, TX. The objectives of these tests were to study key parameters of modeling the physical process of LNG vapor dispersion and collect data for validating the ANSYS CFX prediction results. A comparison of test data with simulation results demonstrated that CFX described the physical behavior of LNG vapor dispersion well, and its prediction results of distances to the half lower flammable limit were in good agreement with the test data. 
500 |a Electronic resource. 
650 4 |a Major Chemical Engineering. 
653 |a LNG 
653 |a CFD 
653 |a Vapor Dispersion Modeling 
653 |a Underwater Release 
653 |a Field Tests 
700 1 |a Mannan, Mahboobul Sam,  |e thesis advisor. 
856 4 0 |u http://hdl.handle.net/1969.1/ETD-TAMU-2011-08-10113  |z Link to OAK Trust copy  |t 0 
948 |a cataloged  |b h  |c 2012/11/27  |d c  |e ceaton  |f 12:21:52 pm 
994 |a C0  |b TXA 
999 |a MARS 
999 f f |s 65757aaf-dc1c-3e96-acd5-e8dba466e375  |i 14efa774-45dc-3d18-88dc-0fd1acfae349  |t 0 
952 f f |a Texas A&M University  |b College Station  |c Electronic Resources  |d Available Online  |t 0  |e 2011 Dissertation 1969.1/ETD-TAMU-2011-08-10113  |h Other scheme 
998 f f |a 2011 Dissertation 1969.1/ETD-TAMU-2011-08-10113  |t 0  |l Available Online